Normal view
MARC view
- WRAY, W.C , GREENFIELD, J.D
Entry Personal Name
001 - CONTROL NUMBER
- control field: 65461
003 - CONTROL NUMBER IDENTIFIER
- control field: NUST
005 - DATE AND TIME OF LATEST TRANSACTION
- control field: 20210628203433.0
008 - FIXED-LENGTH DATA ELEMENTS
- fixed length control field: 210628|| aca||aabn | a|a d
040 ## - CATALOGING SOURCE
- Original cataloging agency: NUST
- Transcribing agency: NUST
100 ## - HEADING--PERSONAL NAME
- Personal name: WRAY, W.C , GREENFIELD, J.D
670 ## - SOURCE DATA FOUND
- Source citation: Work cat.: (NUST): WRAY, W.C , GREENFIELD, J.D, USING MICROPROCESSORS AND MICROCOMPUTERS , THE 6800 FAMILY, 1981
